|
|
|
|
| LEADER |
00000ckm a2200000 a 4500 |
| 001 |
vtls011618205 |
| 003 |
SK-MaSNL |
| 005 |
20260512124634.0 |
| 007 |
kp ao |
| 008 |
200623q1869 xo g kuhun |
| 015 |
|
|
|a SNBG
|
| 040 |
|
|
|a SNK
|b slo
|c SNK
|e AACR2
|
| 041 |
0 |
|
|a hun
|
| 043 |
|
|
|a e-xo---
|
| 044 |
|
|
|a xo
|c SK
|
| 072 |
|
7 |
|a 913
|x Regionálna geografia
|2 konspekt
|
| 080 |
|
|
|a 726:27-523.42
|2 2011
|
| 080 |
|
|
|a 726:27-526.2
|2 2011
|
| 080 |
|
|
|a 913(437.6)
|2 2011
|
| 080 |
|
|
|a 904(084.121)
|2 2011
|
| 245 |
0 |
0 |
|a Nitra
|h grafika
|b Boldogasszony templom : fö oltár
|
| 246 |
3 |
0 |
|a Boldogasszony templom
|
| 260 |
|
|
|a [Slovensko?]
|b [vydavateľ neznámy]
|c [medzi 1869 a 1945?]
|
| 300 |
|
|
|a 1 pohľadnica
|b tónovaná do hneda
|c 15 x 10 cm
|
| 500 |
|
|
|a Názvové údaje prevzaté z obrazovej časti pohľadnice
|
| 500 |
|
|
|a Na obrazovej časti pohľadnice uvedené: "MKN-3"
|
| 520 |
8 |
|
|a Zobrazenie: Pohľad na hlavný oltár Kostola Navštívenia Panny Márie
|
| 610 |
2 |
7 |
|a Kostol Navštívenia Panny Márie (Nitra, Slovensko)
|2 SNKKA
|9 156884
|
| 650 |
0 |
7 |
|a kostoly
|2 SNKPH
|9 3023
|
| 650 |
0 |
7 |
|a oltáre
|2 SNKPH
|9 3030
|
| 651 |
|
7 |
|a Nitra (Slovensko)
|2 SNKPHgeo
|9 15714
|
| 655 |
|
7 |
|a miestne pohľadnice
|2 SNKPH
|9 70510
|
| 655 |
|
7 |
|a pohľadnice kultúrnych pamiatok
|2 SNKPH
|9 70523
|
| 958 |
|
|
|a OND
|
| 958 |
|
|
|a GBN
|
| 958 |
|
|
|a GC
|
| 999 |
|
|
|c 935849
|d 937779
|
| 952 |
|
|
|a SNK
|b SNK
|y PREZ
|7 0
|p 17A1220772
|o snkSP 7980
|0 0
|1 0
|4 0
|d 2017-03-16
|f 1
|l 0
|r 2026-02-24 09:02:46
|w 2026-02-24
|